| 000 | 00969nam a2200241 a 4500 | ||
|---|---|---|---|
| 001 | 45202 | ||
| 003 | BD-RjUL | ||
| 005 | 20211209053958.0 | ||
| 008 | 180411s1951 pk 00100 ben d | ||
| 020 | _c: PRs. 4.50 | ||
| 035 | _a(BD-RjUL)45320 | ||
| 040 |
_aANL _beng _cANL _dBD-RjUL |
||
| 041 | _aeng | ||
| 082 |
_223 _a370.1 _bSES 1951 |
||
| 100 | 1 |
_aসেনগুপ্ত, রমণীরঞ্জন _9221115 |
|
| 245 | 1 | 0 |
_aশিক্ষা ; _b[ শিক্ষা-বিজ্ঞান ও শিক্ষা-দান-প্রণালী] / _cরমণীরঞ্জন সেনগুপ্ত প্রণীত |
| 250 | _a৪র্থ সং. | ||
| 260 |
_aঢাকা: _bপ্রেসিডেন্সি লাইব্রেরী, _c[১৯৫১] |
||
| 300 |
_a[১২], ৩৬৬ পৃ. ; _c১৮ সেমি. |
||
| 650 |
_aশিক্ষা _vদর্শন _9221116 |
||
| 650 |
_aEducation _vPhilosophy _9221117 |
||
| 942 |
_2ddc _cRAR |
||
| 999 |
_c45202 _d45202 |
||